Loss of body mass associated with capture of Sigmodon and Microtus from Northeastern Kansas (Registro nro. 9564)

Detalles MARC
000 -CABECERA
Campo de control 006140000a22001930004500
090 ## - CLASIFICACIÓN LOCAL
Colección AR
Consecutivo 00468
041 0# - IDIOMA
Código de idioma para texto/pista de sonido o título separado
100 1# - ASIENTO PRINCIPAL--NOMBRE PERSONAL
Nombre personal Slade, Norman A.
245 10 - MENCION DE TITULO
Título Loss of body mass associated with capture of Sigmodon and Microtus from Northeastern Kansas
650 14 - ASIENTO SECUNDARIO DE MATERIA - TERMINO TEMATICO
Término temático o nombre geográfico como elemento de entrada Roedores
650 14 - ASIENTO SECUNDARIO DE MATERIA - TERMINO TEMATICO
Término temático o nombre geográfico como elemento de entrada Masa corporal
650 14 - ASIENTO SECUNDARIO DE MATERIA - TERMINO TEMATICO
Término temático o nombre geográfico como elemento de entrada Etología
650 14 - ASIENTO SECUNDARIO DE MATERIA - TERMINO TEMATICO
Término temático o nombre geográfico como elemento de entrada Stress animal
651 #4 - ASIENTO SECUNDARIO DE MATERIA - NOMBRE GEOGRAFICO
-- Kansas
-- Estados Unidos
653 ## - TERMINO DE INDIZACION - NO CONTROLADO
-- Sigmodon
-- Sigmodon hispidus
653 ## - TERMINO DE INDIZACION - NO CONTROLADO
-- Microtus
-- Microtus ochrogaster
773 1# - Item fuente:
Título Journal of Mammalogy
Especificación de materiales 106
Descripción física 1
Paginas del Articulo 171-176
Lugar, editorial y fecha de publicación 1991
Información sobre la relación 72
942 ## - ELEMENTOS ADICIONALES (KOHA)
Tipo de ítem Artículo
Existencias
Withdrawn status Lost status Damaged status No para préstamo Colección Ubicación Permanente Ubicación actual Fecha de adquisición Datos de publicación Seriada Total Checkouts Número topográfico Inventario / Código de Barras Date last seen Ejemplar Price effective from Forma de adquisición Tipo de material
      No para Préstamo Hemeroteca Bogotá Bogotá 27/02/2015 Fuera de circulación   AR 00468 010764 25/03/2015 1 25/03/2015   Artículo
      No para Préstamo Hemeroteca Bogotá Bogotá 27/02/2015 Fuera de circulación   AR 00468 010765 25/03/2015 2 25/03/2015   Artículo